| 000 | 00379nam a2200157Ia 4500 | ||
|---|---|---|---|
| 008 | 230524s9999 xx 000 0 und d | ||
| 082 |
_a621.382 _bPOZ |
||
| 100 | _aDavid M.Pozar | ||
| 245 | 0 | _aMicrowave Engineering | |
| 250 | _a3RD | ||
| 260 |
_aSINGAPORE _bJohn Wiley _c2005 |
||
| 300 | _aXVII;693 | ||
| 500 | _aQuantity Number: 122 | ||
| 650 | _aElectronics | ||
| 942 | _cBK | ||
| 999 |
_c33948 _d33948 |
||